[Event "DSOL 06 Liga Gr-C 1st"]
[Site "Playchess.com INT"]
[Date "2020.07.16"]
[Round "4.2"]
[White "Christensen, John Christopher"]
[Black "Huneck, Frank"]
[Result "1-0"]
[WhiteElo "1793"]
[BlackElo "1778"]
[PlyCount "71"]
[EventDate "2020.06.22"]
[EventType "team-tourn (rapid)"]
[EventCountry "GER"]
[SourceTitle "EXT 2021"]
[Source "ChessBase"]
[SourceDate "2020.10.23"]
[SourceVersion "1"]
[SourceVersionDate "2020.10.23"]
[SourceQuality "1"]
[WhiteTeam "Hamburger SK V"]
[BlackTeam "Wehlheiden"]
[WhiteTeamCountry "GER"]
[BlackTeamCountry "GER"]

1. e4 c6 2. d4 d5 3. Nc3 dxe4 4. Nxe4 Bf5 5. Ng3 Bg6 6. Bc4 e6 7. N1e2 Nf6 8. 0-0 c5 9. Be3 Nbd7 10. Nf4 cxd4 11. Bxd4 Be7 12. Qf3 Rc8 13. Bxe6 fxe6 14. Nxe6 Qa5 15. Nxg7+ Kf7 16. N7f5 Rhe8 17. Rad1 Qd5 18. Qf4 Qc6 19. Rfe1 Bf8 20. Bc3 Rxe1+ 21. Rxe1 Re8 22. Rxe8 Kxe8 23. Qe3+ Kf7 24. Qxa7 Bc5 25. Nh6+ Kg7 26. Ngf5+ Bxf5 27. Nxf5+ Kg6 28. Nh4+ Kh5 29. Qa8 Kxh4 30. Qh8 Qb6 31. Qg7 Bxf2+ 32. Kh1 Qd6 33. g3+ Bxg3 34. hxg3+ Kh3 35. Qh6+ Kxg3 36. Qh2+ 1-0

[Event "Lueneburg VMCG op C"]
[Site "Lueneburg"]
[Date "2016.07.08"]
[Round "7"]
[White "Weidenhoefer, Max"]
[Black "Christensen, John Christopher"]
[Result "0-1"]
[WhiteElo "1049"]
[BlackElo "1292"]
[PlyCount "116"]
[EventDate "2016.07.01"]
[EventType "swiss"]
[EventRounds "7"]
[EventCountry "GER"]
[SourceTitle "EXT 2024"]
[Source "ChessBase"]
[SourceDate "2023.10.10"]
[SourceVersion "1"]
[SourceVersionDate "2023.10.10"]
[SourceQuality "1"]

1. e4 c6 2. d4 d5 3. Nc3 dxe4 4. Nxe4 Bf5 5. Ng3 Bg6 6. Nf3 Nd7 7. Bd3 Bxd3 8. Qxd3 Ngf6 9. Bd2 e6 10. 0-0-0 Be7 11. Qb3 Qc7 12. Rhe1 b5 13. Re2 Nb6 14. Rde1 Nfd5 15. Ng5 Bxg5 16. Bxg5 a5 17. Nf5 0-0 18. Ng3 a4 19. Qf3 h6 20. Bd2 Nc4 21. Qg4 Nxd2 22. Rxd2 Nf6 23. Qf3 Rfb8 24. Nh5 Nxh5 25. Qxh5 Qf4 26. Re3 Qg5 27. Qf3 Qd5 28. Qxd5 cxd5 29. Kd1 g6 30. Ke2 Kg7 31. Kf3 Re8 32. Kg4 f5+ 33. Kg3 Kf6 34. f4 g5 35. Kf3 Rg8 36. Rde2 Rae8 37. g4 gxf4 38. Kxf4 Rxg4+ 39. Kf3 Rxd4 40. b3 e5 41. Rd3 e4+ 42. Kf2 exd3 43. Rxe8 d2 44. c3 d1Q 45. cxd4 Qxd4+ 46. Ke2 Qe4+ 47. Rxe4 dxe4 48. bxa4 bxa4 49. Kd2 f4 50. h3 Ke5 51. Ke2 Kd4 52. h4 f3+ 53. Kf2 Kd3 54. a3 Kd2 55. h5 e3+ 56. Kxf3 e2 57. Kf4 e1Q 58. Kf5 Qg3 0-1

[Event "Lueneburg VMCG op C"]
[Site "Lueneburg"]
[Date "2016.07.07"]
[Round "6"]
[White "Christensen, John Christopher"]
[Black "Niemann, Marcel"]
[Result "1-0"]
[WhiteElo "1292"]
[BlackElo "1049"]
[PlyCount "120"]
[EventDate "2016.07.01"]
[EventType "swiss"]
[EventRounds "7"]
[EventCountry "GER"]
[SourceTitle "EXT 2024"]
[Source "ChessBase"]
[SourceDate "2023.10.10"]
[SourceVersion "1"]
[SourceVersionDate "2023.10.10"]
[SourceQuality "1"]

1. d4 d5 2. c4 e6 3. Bf4 c5 4. e3 Nc6 5. Nf3 Nf6 6. Nc3 cxd4 7. exd4 Bb4 8. cxd5 Nxd5 9. Bd2 0-0 10. Be2 Qb6 11. Nxd5 Bxd2+ 12. Qxd2 exd5 13. 0-0 Bg4 14. Rfd1 Rfe8 15. Kf1 Re4 16. Qc3 Bxf3 17. Bxf3 Rxd4 18. Rxd4 Qxd4 19. Qxd4 Nxd4 20. Bxd5 Rb8 21. Rc1 b6 22. Rc7 Nb5 23. Rxf7 Kh8 24. Rb7 Rxb7 25. Bxb7 Nd4 26. Ke1 g6 27. Kd2 Kg7 28. Kd3 Nb5 29. Ke3 Kf6 30. f4 Kf5 31. Be4+ Kf6 32. g4 Nd6 33. g5+ Kg7 34. Kd4 Kf7 35. Kd5 Nxe4 36. Kxe4 Ke6 37. b3 a6 38. a3 Kf7 39. Ke5 Ke7 40. h4 Kf7 41. f5 gxf5 42. Kxf5 Kg7 43. h5 a5 44. Ke6 b5 45. Kd5 a4 46. b4 h6 47. gxh6+ Kxh6 48. Kc5 Kxh5 49. Kxb5 Kg6 50. Kxa4 Kf7 51. Kb5 Ke7 52. Kc6 Kd8 53. b5 Kc8 54. a4 Kb8 55. b6 Kc8 56. a5 Kb8 57. a6 Ka8 58. b7+ Kb8 59. a7+ Kxa7 60. Kc7 Ka6 1-0

[Event "Lueneburg VMCG op C"]
[Site "Lueneburg"]
[Date "2016.07.06"]
[Round "5"]
[White "Meiwes, Thore"]
[Black "Christensen, John Christopher"]
[Result "1-0"]
[WhiteElo "1392"]
[BlackElo "1292"]
[PlyCount "111"]
[EventDate "2016.07.01"]
[EventType "swiss"]
[EventRounds "7"]
[EventCountry "GER"]
[SourceTitle "EXT 2024"]
[Source "ChessBase"]
[SourceDate "2023.10.10"]
[SourceVersion "1"]
[SourceVersionDate "2023.10.10"]
[SourceQuality "1"]

1. e4 c6 2. d4 d5 3. Nc3 dxe4 4. Nxe4 Bf5 5. Ng3 Bg6 6. h4 h6 7. Nf3 Nd7 8. h5 Bh7 9. c3 e6 10. Bd3 Bxd3 11. Qxd3 Ngf6 12. Be3 Be7 13. 0-0-0 Qc7 14. Nd2 0-0-0 15. Qe2 Nb6 16. Nge4 Nbd5 17. Nxf6 Nxf6 18. g4 Nd5 19. Nb3 Nxe3 20. fxe3 Rhf8 21. Kb1 Kb8 22. e4 Bg5 23. e5 Rd7 24. Nc5 Rdd8 25. Ne4 Be7 26. Rhf1 Rd7 27. Qe3 Qd8 28. Kc2 Qa5 29. Kb1 Qb5 30. Qd3 Qb6 31. Qc2 Kc8 32. Qb3 Qc7 33. Qc2 Kb8 34. Ka1 a6 35. b4 Ka7 36. Nc5 Bxc5 37. bxc5 Rb8 38. Qh7 Qa5 39. Rc1 Qd8 40. Qxg7 Qf8 41. Qxf8 Rxf8 42. Rf6 Rh8 43. Rg1 Kb8 44. g5 hxg5 45. Rxg5 Kc8 46. h6 Rh7 47. Rg7 Rh8 48. h7 Kb8 49. Rg8+ Rd8 50. Rxd8+ Rxd8 51. Rxf7 Rh8 52. Rg7 Ka7 53. Kb2 a5 54. a4 Ka6 55. Rg8 Rxg8 56. hxg8Q 1-0

[Event "Lueneburg VMCG op C"]
[Site "Lueneburg"]
[Date "2016.07.04"]
[Round "3"]
[White "Christensen, John Christopher"]
[Black "Reuter, Marek"]
[Result "1/2-1/2"]
[WhiteElo "1292"]
[BlackElo "1142"]
[PlyCount "103"]
[EventDate "2016.07.01"]
[EventType "swiss"]
[EventRounds "7"]
[EventCountry "GER"]
[SourceTitle "EXT 2024"]
[Source "ChessBase"]
[SourceDate "2023.10.10"]
[SourceVersion "1"]
[SourceVersionDate "2023.10.10"]
[SourceQuality "1"]

1. d4 d5 2. c4 e6 3. cxd5 exd5 4. Nc3 Nf6 5. Bg5 h6 6. Bh4 c6 7. e3 Bf5 8. Nf3 Nbd7 9. Be2 Bd6 10. h3 Qc7 11. Rc1 Qb6 12. Qb3 Qxb3 13. axb3 0-0 14. 0-0 c5 15. Nb5 Be7 16. Ne5 Rfc8 17. Nxd7 Bxd7 18. Bxf6 Bxb5 19. Bxb5 Bxf6 20. dxc5 Bxb2 21. Rc2 Ba3 22. c6 bxc6 23. Rxc6 Rd8 24. Rd1 Rab8 25. Ba4 a5 26. Rc3 Rb6 27. Rcd3 Rbd6 28. Kf1 Kf8 29. Ke2 Ke7 30. f4 Ke6 31. Kf3 g6 32. g4 f5 33. Ra1 Bb4 34. Rad1 Bc5 35. gxf5+ gxf5 36. Rg1 d4 37. Rg6+ Ke7 38. Rxd6 Rxd6 39. exd4 Bxd4 40. Bb5 Bc5 41. Rxd6 Bxd6 42. Bd3 Kf6 43. Kg3 Kg6 44. Kf3 Kf6 45. Ke3 Bc5+ 46. Kf3 Bd6 47. Bc4 Bc5 48. Bd5 Bd4 49. Ke2 Bc5 50. Bf3 Bd6 51. Ke3 Bc5+ 52. Kd3 1/2-1/2